000 00659nam a2200241Ia 4500
003 OSt
005 20220918201416.0
006 a|||||r|||| 00| 0
007 ta
008 220917b |||||||| |||| 00| 0 eng d
024 _a93,749
037 _cTextual
040 _aARTS
_cARTS
_beng
041 _2eng
_aeng
082 _aV2y7N17, M4
100 _aBhattacharya Vivek Ranjan
_964235
245 0 _aIndira Gandhi
_b her role in world peace
260 _aNew Delhi
_bMetropolitan
_c1984
300 _axxiii+357p.
_ccm.
650 _aHISTORY
942 _hV2y7N17, M4
_cTEXL
_2CC
999 _c217391
_d217391